| 000 | 00662nam a22001697a 4500 | ||
|---|---|---|---|
| 999 |
_c192822 _d192822 |
||
| 005 | 20221010105011.0 | ||
| 010 | _aRP B-745772 | ||
| 020 |
_c999.00 _a9780670097296 |
||
| 035 | _aB-745772 | ||
| 037 | _bPenguin | ||
| 245 |
_aTomb of Sand: _bTranslated by Daisy Rockwell _cGeetanjali Shree/ |
||
| 260 |
_aHaryana _bPenguin _c2020 |
||
| 270 |
_a4th Floor, Capital Tower1, MG Road Gurugram _bHaryana _e122002 |
||
| 300 |
_a725p. _c22cm(hbk) |
||
| 942 |
_2ddc _cEN _mROC _h891.43371 |
||